Statistics for Cities in Tamil Nadu (2023)

Click here to take the quiz!

General Stats

  • This quiz has been taken 64 times
    (12 since last reset)
  • The average score is 4 of 5

Answer Stats

RankAnswer% Correct
1#Chennai
100%
3#Coimbatore
90%
2#Madurai
90%
6#Trichy
70%
5#Thanjavur
60%

Score Distribution

Percentile by Number Answered

Percent of People with Each Score

Your Score History

You have not taken this quiz since the last reset